| 000 | 00894nam a2200289#a 4500 | ||
|---|---|---|---|
| 001 | 02509 | ||
| 003 | HDC | ||
| 007 | ta | ||
| 008 | 230623s2004 xx 000 0 eng d | ||
| 020 |
_a9832871689 _qpaperback |
||
| 040 | _aHDC | ||
| 050 |
_aHG3368 _b.A6 I85 2004 |
||
| 245 | 0 |
_aIslamic Banking : _bAn International Perspective / _cedited by Bala Shanmugam, Vignesen Perumal, Alfieya Hanuum Ridzwa |
|
| 264 |
_aSerdang, Selangor : _bUniversiti Putra Malaysia Press , _c2004 |
||
| 500 | _aIncludes index. | ||
| 504 | _aBibliography | ||
| 650 |
_aBanks and banking _xIslamic countries |
||
| 650 |
_aBanks and banking _xReligious aspects _xIslam |
||
| 700 |
_aAlfieya Hanuum Ridzwa _eeditor |
||
| 700 |
_aBala Shanmugam _eeditor |
||
| 700 |
_aVignesen Perumal _eeditor |
||
| 700 |
_aVignesen Perumal _eeditor |
||
| 942 | _2lcc | ||
| 942 | _cBK | ||
| 942 | _kHG3368 | ||
| 942 | _m.A6 I85 2004 | ||
| 999 |
_c24066 _d24066 |
||